000 00420nam a2200169Ia 4500
008 220531s9999 xx 000 0 und d
041 _amar
100 _aआमटे प्रकाश
_954874
245 _aप्रकाशवाटा
250 _a1ST
260 _bSamkalin
_c1987
300 _a155
542 _d18-03-2009
650 _aGeneral
_954875
906 _d2008-2009
999 _c31736
_d31736